00608nam a2200169 i 450000100060000000300090000600500170001500700030003200800410003510000300007624500810010626000580018730000220024585200320026799900170029995201220031641024ES-MaACL20230906160347.0t|030307s1969 sp ||||1| spa d1 aCarpentier, Alejo.93544210aLiteratura y conciencia política en América Latina / cAlejo Carpentier. a[Madrid : bAlberto Corazón : bS.A.E.G.E., c1969] a142 p. ; c18 cm. aES-MaACLjC-40663 bR.72195 c41024d41024 00104070aATENEOMbATENEOMcDEPO2d2008-01-17eSCl0oC-40663p1043192r2023-02-23 00:00:00w2023-02-23yMONOGRAFIA